000 00280nam a22001217a 4500
008 181205b xxu||||| |||| 00| 0 eng d
041 _aeng
080 _24th
_a720
100 _a41
101 _aARK
245 _aEnglish Architecture At A Glance
_cChatterton,F
942 _2udc
_cBK
999 _c52857
_d52857